000
00252nam a22001097a 4500
082
_a
515.07 ROS'M
100
_a
ROSE, W.N
_9
38967
245
_a
MATHEMATICS FOR ENGINEERS PT-II
260
_a
LONDON
_b
CHAPMAN & HALL
_c
1949
300
_a
425P
942
_c
BK
999
_c
579083
_d
579083